000 00745na a2200265 4500
001 23302
003 MIRAKIL
005 20181213155241.0
008 170906b tu 000 0
020 _a9786059331081
040 _aMilas
_btur
_cTR-AnCHP
041 _atur
082 _a320.9561
_bZ54e 2016
090 _a320.9561 Z54e 2016
100 _aZileli, Ümit
245 _aEfendiler ve uşakları
_cÜmit Zileli
260 _aİstanbul
_bAsi Kitap
_c2016
_fTor ofset
300 _a233 s.
_c23 sm.
440 _aAsi kitap
_v21
490 _aAraştırma
_v13
650 _aGazeteciler ve gazetecilik
_xTürkiye
650 _aSiyaset ve yönetim
_xYorum ve görüşler
650 _aSiyaset ve yönetim
_zTürkiye
942 _2ddc
_cBKS
999 _c9253
_d9253